000 00491nam a22001697a 4500
005 20250223194153.0
008 250223b |||||||| |||| 00| 0 eng d
020 _a9788123908625
050 _aRM103 GRO
100 _aGrover, J. K.
245 _aTextbook of Pharmacology for Nurses/
_cJ. K. Grover & Monica Malik
250 _a2nd ed.
260 _aNew Delhi
_bCBS Publishers & Distributors
_c2006
300 _axii. 516p.
_c21.5cm
700 _aMalik, Monica
942 _2lcc
_cBK
_e2nd ed.
_n0
999 _c4237
_d4237